Welfare economics and the theory of economic policy (Record no. 93738)

MARC details
000 -LEADER
fixed length control field 00777nam a2200241Ia 4500
008 - FIXED-LENGTH DATA ELEMENTS--GENERAL INFORMATION
fixed length control field 191130s1995##################000#0#eng##
020 ## - INTERNATIONAL STANDARD BOOK NUMBER
ISBN 1858982421
082 ## - DEWEY DECIMAL CLASSIFICATION NUMBER
Classification number 330.1556 HEN
100 ## - MAIN ENTRY--AUTHOR NAME
Personal name Hennipman, Pieter
245 ## - TITLE STATEMENT
Title Welfare economics and the theory of economic policy
Statement of responsibility, etc Pieter Hennipman ; edited by Donald Walker, Arnold Heertje, and Hans van den Doel
260 ## - PUBLICATION, DISTRIBUTION, ETC. (IMPRINT)
Place of publication Cheltenham, UK
Name of publisher Edward Elgar
Year of publication c1995
300 ## - PHYSICAL DESCRIPTION
Number of Pages xxiv, 300 p. ; 24 cm
500 ## - GENERAL NOTE
General note Includes bibliographical references and index
650 ## - SUBJECT ADDED ENTRY--TOPICAL TERM
Topical Term Economic policy
Topical Term Welfare economics
700 ## - ADDED ENTRY--PERSONAL NAME
Personal name Doel, Hans van den
Personal name Heertje, Arnold
991 ## -
-- 42623
Holdings
Withdrawn status Lost status Damaged status Not for loan Home library Current library Shelving location Date acquired Full call number Accession Number Price effective from Koha item type
        Anna Centenary Library Anna Centenary Library 4TH FLOOR, A WING 09.10.2020 330.1556 HEN 343772 09.10.2020 English Books

Find us on the map